| 000 | 00805nam a2200265 a 4500 | ||
|---|---|---|---|
| 001 | BRCA_6565 | ||
| 005 | 20190320205515.0 | ||
| 008 | 300911s1974----mx-#######---#000-0#spa-# | ||
| 041 | _aspa | ||
| 044 | _amx | ||
| 050 | 4 |
_aBH91 _b.B39 1974 |
|
| 100 | 1 |
_aBayer, Raymond _916376 |
|
| 245 | 1 | 0 |
_aHistoria de la estética _cRaymon Bayer ; traducción de Jasmin Reuter. |
| 260 |
_aMéxico _bFCE _c1ra. reimp. 1974 |
||
| 300 |
_a476 p. _c21 cm. |
||
| 440 | 0 |
_aSección de Obras de Filosofía _916377 |
|
| 500 | _aIncluye índice de nombres | ||
| 500 | _aTraducción de: Histoire de l´Esthétique | ||
| 500 | _aDonación Dra. Elsa Barberena | ||
| 504 | _aBibliografía: p. 451-458 | ||
| 650 | 1 | 4 |
_aEstética _xHistoria _916378 |
| 700 | 1 |
_aReuter, Jasmin _etr. _916379 |
|
| 902 | _aDEB | ||
| 942 |
_2lcc _cB |
||
| 999 |
_c6249 _d6249 |
||